Pokémon by Type Combinations #4: Monotype Madness - Statistics

General Stats
  • This quiz has been taken 127 times
  • The average score is 25 of 38
Answer Stats
Answer % Correct
Fighting Machamp
94%
Fighting Hitmonchan
93%
Fighting Hitmonlee
93%
Fighting Hitmontop
90%
Poison Muk
90%
Fire Typhlosion
87%
Poison Weezing
85%
Fire Rapidash
84%
Flying Tornadus
84%
Fire Arcanine
83%
Fire Ninetales
81%
Fighting Sawk
80%
Fighting Throh
80%
Poison Arbok
78%
Fighting Hariyama
76%
Dragon Druddigon
75%
Fire Magmortar
75%
Dragon Haxorus
73%
Fighting Conkeldurr
70%
Fire Flareon
70%
Poison Garbodor
66%
Fire Torkoal
65%
Fire Cinderace
62%
Fire Entei
62%
Dragon Goodra
62%
Poison Swalot
58%
Fighting Mienshao
54%
Fire Simisear
52%
Poison Seviper
48%
Fighting Grapploct
47%
Fire Darmanitan
46%
Fighting Falinks
45%
Fire Heatmor
43%
Dragon Regidrago
37%
Fighting Sirfetch'd
37%
Fighting Passimian
28%
Fighting Zamazenta
28%
Fighting Paldean Tauros
21%
No matching quizzes found
Score Distribution
Percent of People with Each Score
Percentile by Number Answered
Your Score History
You have not taken this quiz